Регионална библиотека "Любен Каравелов" - Русе

Словарь исторический (Запис номер 36686)

MARC детайли
000 -Лидер
Контролно поле с фиксирана дължина 01136nam a2200313 c 4500
003 - Код на организацията, давaща контролен номер
Контролно поле BLK
005 - Дата и час на последна редакция
Контролно поле 20180420220930.0
008 - Елементи от данни с фиксирана дължина
fixed length control field 180408b bul|||||r ||||||| ||bul||
010 ## - Наследен системен номер
LC control number KNG00039749000
020 ## - Международен стандартен номер на книга ISBN
Международен стандартен номер на книга ISBN 5-86095-103-4
-- издат.: Остожье - на том(т. 2)
040 ## - Източник на каталожния запис
Идентификатор на билиотеката - собственик на записа BLK
041 ## - Код за език
Код за езика на текст/звукозапис или на отделно заглавие Руски
Код за езика КДБФ Руски
080 ## - УДК
Текстов определител УДК История. Вж и (091) ; (093)
УДК код - определител по УДК 93/99
УДК определител (038)
УДК - код + определител 93/99(038)
139 ## - Редно поле
Редна дума Словарь исторический
Авторски знак Сли - С 45
245 10 - Сведения за заглавието
Заглавие Словарь исторический
Подзаглавни данни Личности ; Общество ; Политика : В 2-х т.
Том Т. 2
Заглавие на том И - Я
260 ## - Област на издателските данни
-- Москва
Година на издаване 1999
380 ## - Жанр
Жанр История
490 1# - СЕРИИ (Колекции)
Име на серия Анатомия истории
650 #4 - Допълнително описание по предмет – тема
Основно описание – тема или топоним История, световна - справочници
9 (RLIN) 275072
653 ## - Ключова дума – ненормативна
Ключова дума личности
653 ## - Ключова дума – ненормативна
Ключова дума общество
653 ## - Ключова дума – ненормативна
Ключова дума политика
760 1# - Описание на основната серия
-- - на том(т. 2)
Място на издаване, издател и година Остожье, 1999
Страници - том 522 с. : ил.
Заглавие Т. 2 И - Я
852 ## - Местоположение
Форматна сигнатура Цб 201805
856 4# - Електронен адрес и достъп
Електронен формат pdf - файл
Път до файла /url/
856 4# - Електронен адрес и достъп
Електронен формат pdf - файл
Път до файла /url/
942 ## - АРТИКУЛИ
Вид на библиотечния материал Книги
Скрит в OPAC Не
944 ## - СЪЗДАВАНЕ И РЕДАКЦИЯ на ЗАПИСА
Създаване/Редакция Създаване
Дата на регистрацията/редакция 15.01.2003
Служител, извършил регистрацията/редакцията Ренета_Константинова
944 ## - СЪЗДАВАНЕ И РЕДАКЦИЯ на ЗАПИСА
Създаване/Редакция Редакция
Дата на регистрацията/редакция 15.06.2011
Служител, извършил регистрацията/редакцията
999 ## - СИСТЕМНИ КОНТРОЛНИ НОМЕРА
Koha biblionumber 36686
Koha biblioitemnumber 36686
Наличности
Код за отписване Код за изгубен артикул Източник на класификационната схема Код за повреда Коз за рестрикции Код за отдаване Артикулен № Име на библиотеката - собственик Име на библиотеката, в която се намира в момента Статус (Текущо местоположение) Дата на вписване в системата Местоположение - отдел Цена в лева Инвентарен номер Систематично азбучна сигнатура Баркод Номер на екземпляра Цена в евро Служебна бележка Служебен тип на артикула
  Не е изгубен Universal Decimal Classification Не е повреден само за читалня ползва се в читалня 57726 Регионална библиотека "Любен Каравелов" Русе Регионална библиотека "Любен Каравелов" Русе СБИД 1999-01-01 СБИД 4.00 652281 С 93/94/С 45 120000652281 1 2.05 N: стар фонд Дата: 01.01.1999 Дата инв: 07.06.2017 Бележки инв: С2017 Книги
Vip Innovations Ltd, Rousse, Bulgaria 2025